<?xml version="1.0" encoding="UTF-8"?>
<marc:record xmlns:marc="http://www.loc.gov/MARC21/slim">
   <marc:leader>00000nam a2200000 a 4500</marc:leader>
   <marc:datafield ind1=" " ind2=" " tag="653">
      <marc:subfield code="a">Basteln</marc:subfield>
   </marc:datafield>
   <marc:datafield ind1=" " ind2=" " tag="653">
      <marc:subfield code="a">Bilderbuch</marc:subfield>
   </marc:datafield>
   <marc:datafield ind1=" " ind2=" " tag="653">
      <marc:subfield code="a">Dunkelheit</marc:subfield>
   </marc:datafield>
   <marc:datafield ind1=" " ind2=" " tag="653">
      <marc:subfield code="a">Erzählen</marc:subfield>
   </marc:datafield>
   <marc:datafield ind1=" " ind2=" " tag="653">
      <marc:subfield code="a">Geister</marc:subfield>
   </marc:datafield>
   <marc:datafield ind1=" " ind2=" " tag="653">
      <marc:subfield code="a">Geschichten</marc:subfield>
   </marc:datafield>
   <marc:datafield ind1=" " ind2=" " tag="653">
      <marc:subfield code="a">Gespenster</marc:subfield>
   </marc:datafield>
   <marc:datafield ind1=" " ind2=" " tag="653">
      <marc:subfield code="a">Halloween</marc:subfield>
   </marc:datafield>
   <marc:datafield ind1=" " ind2=" " tag="653">
      <marc:subfield code="a">Hexen</marc:subfield>
   </marc:datafield>
   <marc:datafield ind1=" " ind2=" " tag="653">
      <marc:subfield code="a">Hexen-Zauberer-Gespenster</marc:subfield>
   </marc:datafield>
   <marc:datafield ind1=" " ind2=" " tag="653">
      <marc:subfield code="a">Kamishibai</marc:subfield>
   </marc:datafield>
   <marc:datafield ind1=" " ind2=" " tag="653">
      <marc:subfield code="a">Kinder 3 - 6 Jahre</marc:subfield>
   </marc:datafield>
   <marc:datafield ind1=" " ind2=" " tag="653">
      <marc:subfield code="a">Kindergarten</marc:subfield>
   </marc:datafield>
   <marc:datafield ind1=" " ind2=" " tag="653">
      <marc:subfield code="a">Kochen</marc:subfield>
   </marc:datafield>
   <marc:datafield ind1=" " ind2=" " tag="653">
      <marc:subfield code="a">Kopiervorlagen</marc:subfield>
   </marc:datafield>
   <marc:datafield ind1=" " ind2=" " tag="653">
      <marc:subfield code="a">LEADER</marc:subfield>
   </marc:datafield>
   <marc:datafield ind1=" " ind2=" " tag="653">
      <marc:subfield code="a">Lieder</marc:subfield>
   </marc:datafield>
   <marc:datafield ind1=" " ind2=" " tag="653">
      <marc:subfield code="a">Mini-Bib</marc:subfield>
   </marc:datafield>
   <marc:datafield ind1=" " ind2=" " tag="653">
      <marc:subfield code="a">Mut</marc:subfield>
   </marc:datafield>
   <marc:datafield ind1=" " ind2=" " tag="653">
      <marc:subfield code="a">Spiele</marc:subfield>
   </marc:datafield>
   <marc:datafield ind1=" " ind2=" " tag="653">
      <marc:subfield code="a">Vorlesen</marc:subfield>
   </marc:datafield>
   <marc:datafield ind1=" " ind2=" " tag="653">
      <marc:subfield code="a">Zauberer</marc:subfield>
   </marc:datafield>
   <marc:datafield ind1=" " ind2=" " tag="653">
      <marc:subfield code="a">Zaubern</marc:subfield>
   </marc:datafield>
   <marc:datafield ind1="0" ind2="0" tag="245">
      <marc:subfield code="a">Box Mini-Bib Hexen, Zauberer, Gespenster (geöffnet)</marc:subfield>
   </marc:datafield>
   <marc:datafield ind1="0" ind2="0" tag="245">
      <marc:subfield code="b">Kindergarten (3-6 Jahre)</marc:subfield>
   </marc:datafield>
   <marc:datafield ind1="1" ind2=" " tag="520">
      <marc:subfield code="a">Diese Mini-Bib enthält:&#xD;
Baeten, Lieve	Das große Buch der kleinen Hexe&#xD;
Könnecke, Ole	Anton kann zaubern&#xD;
Neudert, Cornelia	Lauras Stern - Meine ersten Zaubertricks&#xD;
Weber, Tanja	Literacy -Projekt zum Bilderbuch Zilly, die Zauberin&#xD;
Valerie, Thomas	Zilly und Zingaro - Zilly die Zauberin&#xD;
Grimm, Sandra	Fantastische Vorlesegeschichten - Hexen, Drachen, Zauberer&#xD;
Knappe, Simone	Schaurig-schöner Gruselspaß&#xD;
Wick, Walter	Ich finde was ... Im Gespensterschloss&#xD;
Göhlich, Susanne	Das große Burgfest&#xD;
Hasler, Eveline	Die Hexe Lakritze - Die schönsten Geschichten&#xD;
Grimm, Tom	Halloween - Das Koch- und Backbuch&#xD;
Göhlich, Susanne	Das Geschenk&#xD;
Kreitz, Isabel	Überall Gespenster&#xD;
Hesebeck, Birthe	Spielen mit der Dunkelheit&#xD;
Günther, Sybille	Hallo Halloween&#xD;
Berger, Nicola	Geisterstunde im Schloss &#xD;
Almhoff, Anna	Oskar und die Zauberkugel&#xD;
Schill, Christin	Hector und Holunda&#xD;
Zauberer Hardy	Zaubertricks für Kita-Kinder&#xD;
Holzinger, Michaela	Im Hexenhäuschen Nummer 8 beim Mondenschein um Mitternacht&#xD;
Thomas, Valerie	Zilly und Zingaro - Rätselhafte Monsterspuren&#xD;
	Das große Buch vom Mutigsein&#xD;
	&#xD;
	CD: Gruselig!&#xD;
Stohner, Anu	CD: Die kleine Schusselhexe&#xD;
	CD: Meine allerersten Kinderlieder von Hexen, Drachen und Gespenstern&#xD;
	&#xD;
	Spiel: Geisteruhr&#xD;
	Spiel: Die kleine Hexe&#xD;
	Spiel: Schloss Schlotterstein&#xD;
	Spiel: Die Gespenster-Box&#xD;
	PocketLÜK - Die Zauberschule&#xD;
	&#xD;
Scheffler, Ursel	Kamishibai: Keine Angst vor frechen Geistern</marc:subfield>
   </marc:datafield>
</marc:record>
